00616 2200217 4500001002100000005001500021035002000036007000300056008004100059020001800100082001100118084001700129100001500146245010900161250000900270260003100279300002500310650003600335990001300371990001400384INLIS00000000000034420170922110617 a0010-0917000330ta170922 f 0 ind  a979-781-486-6 a297.01 a297.01 AHM n0 aAhmad Baso1 aNU Studies :bPergolakan Pemikiran antara Fundalisme Islam dan Fundamentalisme Neo Liberal /cAhmad Baso aed.1 aJakarta :bErlangga,c2006 a510hlm ;c15 x 23 cm aPendidikan dan Organisasi Islam a1072 875 a1072 875a